[Event "DVM U14w 2020"]
[Site "Willingen GER"]
[Date "2021.06.26"]
[Round "5"]
[White "Zhou, Lepu Coco"]
[Black "Prinzen, Siri Marleen"]
[Result "1-0"]
[Termination "normal"]
[Board "1.1"]
[WhiteElo "1905"]
[BlackElo "1722"]
[WhiteClock "01:08:18"]
[BlackClock "00:15:54"]
[WhiteTeam "SC Weisse Dame e.V."]
[BlackTeam "Karlsruher SF 1853"]
[PlyCount "69"]
[WhiteFideId "16217136"]
[BlackFideId "16265912"]
[EventCountry "GER"]
[EventRounds "7"]
[EventType "team-swiss"]
[EventDate "2021.06.23"]

1. e4 {[%clk 1:30:55]} c6 {[%clk 1:30:54]} 2. d4 {[%clk 1:31:08]} d5 {[%clk
1:31:08]} 3. e5 {[%clk 1:31:18]} c5 {[%clk 1:31:15]} 4. c4 {[%clk 1:30:50]} e6
{[%clk 1:25:18]} 5. Nf3 {[%clk 1:30:26]} cxd4 {[%clk 1:20:23]} 6. Nxd4 {[%clk
1:30:32]} Ne7 {[%clk 1:10:03]} 7. Nc3 {[%clk 1:30:03]} dxc4 {[%clk 1:08:12]} 8.
Ndb5 {[%clk 1:28:31]} Nec6 {[%clk 1:00:16]} 9. Qxd8+ {[%clk 1:27:00]} Kxd8
{[%clk 1:00:17]} 10. Bg5+ {[%clk 1:27:12]} Be7 {[%clk 0:57:02]} 11. Bxe7+
{[%clk 1:26:34]} Kxe7 {[%clk 0:52:11]} 12. Nc7 {[%clk 1:26:42]} Nxe5 {[%clk
0:52:19]} 13. Nxa8 {[%clk 1:27:02]} Bd7 {[%clk 0:49:51]} 14. Nc7 {[%clk
1:25:28]} a6 {[%clk 0:49:43]} 15. Na8 {[%clk 1:25:39]} b5 {[%clk 0:45:55]} 16.
O-O-O {[%clk 1:24:16]} Bc6 {[%clk 0:43:29]} 17. Nb6 {[%clk 1:24:33]} Rd8 {[%clk
0:42:51]} 18. Rxd8 {[%clk 1:24:19]} Kxd8 {[%clk 0:43:12]} 19. a4 {[%clk
1:24:38]} Kc7 {[%clk 0:42:12]} 20. a5 {[%clk 1:20:55]} Bb7 {[%clk 0:41:53]} 21.
f4 {[%clk 1:15:38]} Nec6 {[%clk 0:38:59]} 22. Nxc4 {[%clk 1:13:21]} bxc4 {[%clk
0:39:10]} 23. Bxc4 {[%clk 1:12:36]} Nxa5 {[%clk 0:39:25]} 24. Bd3 {[%clk
1:10:39]} h6 {[%clk 0:37:45]} 25. Be4 {[%clk 1:09:27]} Bxe4 {[%clk 0:35:47]}
26. Nxe4 {[%clk 1:09:47]} Nc4 {[%clk 0:34:24]} 27. Rd1 {[%clk 1:09:08]} Ne3
{[%clk 0:33:57]} 28. Rd2 {[%clk 1:08:56]} Nd5 {[%clk 0:28:41]} 29. g3 {[%clk
1:08:26]} h5 {[%clk 0:21:12]} 30. Ng5 {[%clk 1:08:16]} h4 {[%clk 0:20:37]} 31.
Nxf7 {[%clk 1:08:25]} hxg3 {[%clk 0:20:13]} 32. hxg3 {[%clk 1:08:46]} Nc6
{[%clk 0:18:27]} 33. f5 {[%clk 1:08:03]} Kd7 {[%clk 0:17:08]} 34. Ng5 {[%clk
1:08:18]} Ke7 {[%clk 0:15:54]} 35. Nxe6 1-0

[Event "DVM U14w 2020"]
[Site "Willingen GER"]
[Date "2021.06.26"]
[Round "5"]
[White "Schmidt, Luise"]
[Black "Schulz, Hannah"]
[Result "0-1"]
[Termination "normal"]
[Board "1.3"]
[WhiteElo "1390"]
[BlackElo "1539"]
[WhiteClock "00:27:43"]
[BlackClock "00:49:46"]
[WhiteTeam "SC Weisse Dame e.V."]
[BlackTeam "Karlsruher SF 1853"]
[PlyCount "138"]
[WhiteFideId "16294475"]
[BlackFideId "16244745"]
[EventCountry "GER"]
[EventRounds "7"]
[EventType "team-swiss"]
[EventDate "2021.06.23"]

1. e4 c6 2. d4 d5 3. Nc3 dxe4 4. Nxe4 Nf6 5. Ng3 c5 6. Nf3 Nc6 7. Be3 cxd4 8.
Nxd4 Nxd4 9. Qxd4 Bd7 10. Be2 g6 11. Qd2 Bc6 12. O-O Bg7 13. c3 Qxd2 14. Bxd2
O-O 15. Rad1 Rfd8 16. Be3 Nd5 17. Bc4 Nxe3 18. fxe3 Rxd1 19. Rxd1 b5 20. Bb3 a5
21. Bd5 Bxd5 22. Rxd5 b4 23. Ne2 f5 24. Nd4 Kf7 25. Rd7 bxc3 26. bxc3 Rc8 27.
Nb5 Ke6 28. Rc7 Rxc7 29. Nxc7+ Kd7 30. Nb5 Kc6 31. Nd4+ Bxd4 32. cxd4 Kd5 33.
Kf2 Kc4 34. Ke2 Kc3 35. g3 a4 36. a3 e6 37. h3 h6 38. g4 fxg4 39. hxg4 h5 40.
gxh5 gxh5 41. Kf3 h4 42. Kf2 Kd3 43. Kf3 h3 44. e4 Kxd4 45. Kg3 Kxe4 46. Kf2
Kd3 47. Kg1 e5 48. Kh2 e4 49. Kxh3 e3 50. Kg2 Kd2 51. Kf3 e2 52. Ke4 e1=Q+ 53.
Kd4 Qa1+ 54. Kc4 Qxa3 55. Kb5 Qb3+ 56. Kc5 Kd3 57. Kc6 Qb4 58. Kd5 Qc4+ 59. Ke5
Qd4+ 60. Ke6 Qc5 61. Kf6 Qd5 62. Kg6 Qe5 63. Kf7 Qd6 64. Kg7 Qe6 65. Kh7 Qg4
66. Kh6 Ke4 67. Kh7 Kf5 68. Kh8 Kf6 69. Kh7 Qg7# {normal} 0-1

[Event "DVM U14w 2020"]
[Site "Willingen GER"]
[Date "2021.06.26"]
[Round "5"]
[White "Haug, Mara"]
[Black "Schülke, Rosalie"]
[Result "0-1"]
[Termination "normal"]
[Board "1.4"]
[WhiteElo "1379"]
[BlackElo "1407"]
[WhiteClock "00:23:18"]
[BlackClock "00:27:34"]
[WhiteTeam "Karlsruher SF 1853"]
[BlackTeam "SC Weisse Dame e.V."]
[PlyCount "114"]
[WhiteFideId "16259300"]
[BlackFideId "16287436"]
[EventCountry "GER"]
[EventRounds "7"]
[EventType "team-swiss"]
[EventDate "2021.06.23"]

1. e4 e6 2. d4 d5 3. Nd2 Be7 4. Bd3 Nf6 5. e5 Nfd7 6. Ne2 c5 7. c3 Nc6 8. Nf3
Qb6 9. O-O O-O 10. Qc2 h6 11. Bd2 cxd4 12. cxd4 f6 13. Bh7+ Kh8 14. Nf4 f5 15.
Ng6+ Kxh7 16. Nxf8+ Nxf8 17. Be3 Ng6 18. a3 a5 19. Rab1 Bd7 20. Qd3 Rc8 21.
Rfc1 Rf8 22. Bd2 Rc8 23. Bc3 Na7 24. Qd2 Nc6 25. Rd1 Ra8 26. Qc2 Qb5 27. Nd2
Qa6 28. Nb3 b6 29. Nd2 Rc8 30. Nf3 Qb5 31. Rbc1 Qa6 32. Qd2 Qb7 33. Qd3 Na7 34.
Bd2 Bb5 35. Qe3 f4 36. Qe1 Nc6 37. b4 Ba4 38. b5 Bxb5 39. Ra1 Bc4 40. Rdb1 Qa7
41. Qc1 Rf8 42. Qb2 b5 43. Qc2 Nxd4 44. Nxd4 Qxd4 45. Bxa5 Qxe5 46. Bc3 d4 47.
Re1 Qd5 48. Bd2 d3 49. Qd1 Rf5 50. Qc1 Nh4 51. f3 Qd4+ 52. Kh1 Qf2 53. Rg1 Rg5
54. Bxf4 Rxg2 55. Qf1 Rxg1+ 56. Qxg1 Qxf3+ 57. Qg2 Qxg2# {normal} 0-1

[Event "DVM U14w 2020"]
[Site "Willingen GER"]
[Date "2021.06.26"]
[Round "5"]
[White "Becker, Linda"]
[Black "Jacobasch, Ronja"]
[Result "1/2-1/2"]
[Termination "normal"]
[Board "2.1"]
[WhiteElo "1763"]
[BlackElo "1397"]
[WhiteClock "00:52:28"]
[BlackClock "00:27:08"]
[WhiteTeam "Schachgemeinschaft Porz e. V."]
[BlackTeam "SSV Altenberg"]
[PlyCount "40"]
[WhiteFideId "16244753"]
[BlackFideId "34604340"]
[EventCountry "GER"]
[EventRounds "7"]
[EventType "team-swiss"]
[EventDate "2021.06.23"]

1. e4 d6 2. d4 Nf6 3. Nc3 g6 4. f3 Bg7 5. Be3 O-O 6. Qd2 Nbd7 7. O-O-O a6 8.
Bh6 c5 9. Bxg7 Kxg7 10. e5 dxe5 11. dxe5 Ng8 12. h4 Qc7 13. f4 b5 14. h5 Nb6
15. Nf3 Nh6 16. Qf2 Bf5 17. Qh4 Rh8 18. Be2 Rad8 19. Rxd8 Qxd8 20. Rd1 Qc7
{normal} 1/2-1/2

[Event "DVM U14w 2020"]
[Site "Willingen GER"]
[Date "2021.06.26"]
[Round "5"]
[White "Glotz, Diana"]
[Black "Ramien, Hannah"]
[Result "1/2-1/2"]
[Termination "normal"]
[Board "2.2"]
[WhiteElo "1110"]
[BlackElo "1396"]
[WhiteClock "00:56:32"]
[BlackClock "00:19:50"]
[WhiteTeam "SSV Altenberg"]
[BlackTeam "Schachgemeinschaft Porz e. V."]
[PlyCount "86"]
[WhiteFideId "16278500"]
[BlackFideId "16209982"]
[EventCountry "GER"]
[EventRounds "7"]
[EventType "team-swiss"]
[EventDate "2021.06.23"]

1. c4 {[%clk 1:30:57]} Nf6 {[%clk 1:30:54]} 2. Nc3 {[%clk 1:31:20]} g6 {[%clk
1:31:09]} 3. g3 {[%clk 1:31:35]} Bg7 {[%clk 1:31:36]} 4. Bg2 {[%clk 1:31:56]}
O-O {[%clk 1:31:57]} 5. e3 {[%clk 1:32:17]} c5 {[%clk 1:32:06]} 6. Nge2 {[%clk
1:32:24]} e6 {[%clk 1:30:55]} 7. d4 {[%clk 1:32:38]} d6 {[%clk 1:29:01]} 8. O-O
{[%clk 1:32:42]} Nbd7 {[%clk 1:26:02]} 9. a3 {[%clk 1:32:02]} a5 {[%clk
1:25:48]} 10. Qc2 {[%clk 1:31:01]} Nb6 {[%clk 1:24:12]} 11. b3 {[%clk 1:25:57]}
Qc7 {[%clk 1:20:26]} 12. Nb5 {[%clk 1:25:02]} Qe7 {[%clk 1:17:12]} 13. Bd2
{[%clk 1:19:02]} Rd8 {[%clk 1:15:14]} 14. b4 {[%clk 1:17:17]} axb4 {[%clk
1:08:07]} 15. axb4 {[%clk 1:17:38]} Rxa1 {[%clk 1:08:32]} 16. Rxa1 {[%clk
1:18:00]} cxd4 {[%clk 1:08:20]} 17. exd4 {[%clk 1:18:08]} d5 {[%clk 1:08:11]}
18. c5 {[%clk 1:17:22]} Nc4 {[%clk 1:07:19]} 19. Bf4 {[%clk 1:15:47]} Bd7
{[%clk 1:03:42]} 20. Nd6 {[%clk 1:15:22]} Nxd6 {[%clk 1:02:09]} 21. Bxd6 {[%clk
1:15:42]} Qe8 {[%clk 1:02:23]} 22. Nc3 {[%clk 1:14:04]} Bf8 {[%clk 0:56:55]}
23. Be5 {[%clk 1:11:16]} Ng4 {[%clk 0:54:45]} 24. Bf4 {[%clk 1:09:44]} Ra8
{[%clk 0:53:15]} 25. Rxa8 {[%clk 1:09:45]} Qxa8 {[%clk 0:53:43]} 26. Qa2 {[%clk
1:10:02]} Qxa2 {[%clk 0:52:07]} 27. Nxa2 {[%clk 1:10:25]} Bg7 {[%clk 0:50:39]}
28. Be3 {[%clk 1:10:10]} Kf8 {[%clk 0:49:09]} 29. h3 {[%clk 1:09:01]} Nxe3
{[%clk 0:48:02]} 30. fxe3 {[%clk 1:08:20]} Ke8 {[%clk 0:44:23]} 31. Nc3 {[%clk
1:07:38]} f5 {[%clk 0:38:31]} 32. Bf1 {[%clk 1:06:35]} g5 {[%clk 0:35:29]} 33.
Kf2 {[%clk 1:04:48]} f4 {[%clk 0:31:19]} 34. gxf4 {[%clk 1:04:32]} gxf4 {[%clk
0:31:36]} 35. Kf3 {[%clk 1:04:29]} fxe3 {[%clk 0:31:25]} 36. Kxe3 {[%clk
1:04:40]} Bh6+ {[%clk 0:30:22]} 37. Kd3 {[%clk 1:04:02]} Kd8 {[%clk 0:30:13]}
38. Bg2 {[%clk 1:03:09]} Kc7 {[%clk 0:29:43]} 39. Bf3 {[%clk 1:00:27]} b6
{[%clk 0:27:00]} 40. h4 {[%clk 0:58:48]} bxc5 {[%clk 0:25:29]} 41. dxc5 {[%clk
0:59:09]} Kc6 {[%clk 0:25:35]} 42. Bg4 {[%clk 0:56:43]} Bg7 {[%clk 0:24:04]}
43. Be2 {[%clk 0:56:32]} Bf6 {[%clk 0:19:50]} 1/2-1/2

[Event "DVM U14w 2020"]
[Site "Willingen GER"]
[Date "2021.06.26"]
[Round "5"]
[White "Sinner, Joselyne"]
[Black "Müller, Cosima"]
[Result "0-1"]
[Termination "normal"]
[Board "2.3"]
[WhiteElo "1409"]
[BlackElo "1505"]
[WhiteClock "00:00:32"]
[BlackClock "01:05:17"]
[WhiteTeam "Schachgemeinschaft Porz e. V."]
[BlackTeam "SSV Altenberg"]
[PlyCount "76"]
[WhiteFideId "16210387"]
[BlackFideId "34601490"]
[EventCountry "GER"]
[EventRounds "7"]
[EventType "team-swiss"]
[EventDate "2021.06.23"]

1. e4 c5 2. Nf3 d6 3. d4 cxd4 4. Nxd4 Nf6 5. Nc3 g6 6. Be3 Bg7 7. f3 O-O 8. Qd2
Nc6 9. g4 Be6 10. Nxe6 fxe6 11. O-O-O Nd7 12. Be2 Qa5 13. a3 Rfc8 14. h4 Nb4
15. Bd4 Rxc3 16. Bxg7 Rxc2+ 17. Qxc2 Nxc2 18. Bc3 Qc7 19. Kxc2 Rc8 20. Kb1 Qb6
21. Bd4 Qb3 22. Rc1 Rf8 23. Bc4 Qa4 24. Bxe6+ Rf7 25. Rc4 Qa6 26. Rc8+ Nf8 27.
Bc4 Qa4 28. Bxf7+ Kxf7 29. Be3 b6 30. Bh6 Nd7 31. Rc3 Ne5 32. Rhc1 Qb5 33. Bd2
Qe2 34. Bf4 Nxf3 35. Re3 Nd2+ 36. Ka2 Qf2 37. Bh6 b5 38. Rc8 Ke6 {normal} 0-1

[Event "DVM U14w 2020"]
[Site "Willingen GER"]
[Date "2021.06.26"]
[Round "5"]
[White "Eger, Nora"]
[Black "Siegel, Irene"]
[Result "1/2-1/2"]
[Termination "normal"]
[Board "2.4"]
[WhiteElo "1104"]
[BlackElo "1212"]
[WhiteClock "00:43:34"]
[BlackClock "00:50:24"]
[WhiteTeam "SSV Altenberg"]
[BlackTeam "Schachgemeinschaft Porz e. V."]
[PlyCount "43"]
[WhiteFideId "34605827"]
[BlackFideId "16284380"]
[EventCountry "GER"]
[EventRounds "7"]
[EventType "team-swiss"]
[EventDate "2021.06.23"]

1. d3 {[%clk 1:30:53]} d5 {[%clk 1:29:59]} 2. Nf3 {[%clk 1:30:58]} Nf6 {[%clk
1:30:09]} 3. g3 {[%clk 1:30:44]} Nc6 {[%clk 1:30:13]} 4. d4 {[%clk 1:29:22]}
Bf5 {[%clk 1:28:59]} 5. Bg2 {[%clk 1:28:54]} Nb4 {[%clk 1:27:56]} 6. Na3 {[%clk
1:27:30]} e6 {[%clk 1:24:19]} 7. c3 {[%clk 1:26:33]} Nc6 {[%clk 1:24:14]} 8.
Nc2 {[%clk 1:23:08]} h6 {[%clk 1:23:56]} 9. Bf4 {[%clk 1:22:07]} Bd6 {[%clk
1:22:38]} 10. e3 {[%clk 1:18:44]} Bg4 {[%clk 1:21:20]} 11. Qd2 {[%clk 1:17:08]}
Ne4 {[%clk 1:18:18]} 12. Qd3 {[%clk 1:11:19]} Bf5 {[%clk 1:17:24]} 13. Qe2
{[%clk 1:07:18]} f6 {[%clk 1:12:48]} 14. Bxd6 {[%clk 1:04:40]} Qxd6 {[%clk
1:10:26]} 15. O-O {[%clk 1:02:53]} O-O-O {[%clk 1:09:04]} 16. Nd2 {[%clk
0:59:39]} Ng5 {[%clk 1:07:20]} 17. e4 {[%clk 0:53:24]} Bg6 {[%clk 1:05:45]} 18.
Rfe1 {[%clk 0:52:01]} Qf8 {[%clk 1:04:41]} 19. Qb5 {[%clk 0:49:40]} Qf7 {[%clk
1:02:46]} 20. Nb4 {[%clk 0:49:09]} Nxb4 {[%clk 0:56:02]} 21. Qxb4 {[%clk
0:48:48]} dxe4 {[%clk 0:50:24]} 22. Nxe4 {[%clk 0:43:34]} 1/2-1/2

[Event "DVM U14w 2020"]
[Site "Willingen GER"]
[Date "2021.06.26"]
[Round "5"]
[White "Lorenz, Veronika"]
[Black "Stepanjan, Marianne"]
[Result "1/2-1/2"]
[Termination "normal"]
[Board "3.1"]
[WhiteElo "1336"]
[BlackElo "1383"]
[WhiteClock "00:42:23"]
[BlackClock "00:12:42"]
[WhiteTeam "TSG Oberschöneweide e.V."]
[BlackTeam "TuRa Harksheide von 1945 Norderstedt"]
[PlyCount "120"]
[WhiteFideId "16277406"]
[BlackFideId "16246110"]
[EventCountry "GER"]
[EventRounds "7"]
[EventType "team-swiss"]
[EventDate "2021.06.23"]

1. Nf3 {[%clk 1:30:50]} d5 {[%clk 1:30:54]} 2. g3 {[%clk 1:31:11]} Nc6 {[%clk
1:31:07]} 3. Bg2 {[%clk 1:26:57]} e5 {[%clk 1:31:21]} 4. d3 {[%clk 1:27:15]}
Nf6 {[%clk 1:31:33]} 5. O-O {[%clk 1:26:42]} Bc5 {[%clk 1:29:39]} 6. Nbd2
{[%clk 1:25:21]} Bf5 {[%clk 1:26:50]} 7. Qe1 {[%clk 1:18:36]} e4 {[%clk
1:09:35]} 8. Nh4 {[%clk 1:12:51]} Qd7 {[%clk 1:05:45]} 9. Nxf5 {[%clk 1:11:47]}
Qxf5 {[%clk 1:01:42]} 10. dxe4 {[%clk 1:10:11]} dxe4 {[%clk 0:53:31]} 11. Nc4
{[%clk 1:02:13]} Qe6 {[%clk 0:46:38]} 12. b3 {[%clk 0:57:42]} Nd4 {[%clk
0:42:04]} 13. Ne3 {[%clk 0:48:11]} Nd5 {[%clk 0:36:42]} 14. Nxd5 {[%clk
0:47:13]} Qxd5 {[%clk 0:36:27]} 15. Qd1 {[%clk 0:45:38]} O-O-O {[%clk 0:32:49]}
16. Bb2 {[%clk 0:42:28]} Qh5 {[%clk 0:30:59]} 17. Qb1 {[%clk 0:36:26]} Qxe2
{[%clk 0:27:52]} 18. Qe1 {[%clk 0:22:23]} Qxc2 {[%clk 0:20:47]} 19. Bxd4 {[%clk
0:19:22]} Bxd4 {[%clk 0:18:41]} 20. Bxe4 {[%clk 0:18:41]} Qc3 {[%clk 0:18:33]}
21. Qe2 {[%clk 0:16:36]} Qc5 {[%clk 0:17:50]} 22. Rac1 {[%clk 0:16:15]} Qd6
{[%clk 0:17:39]} 23. Qf3 {[%clk 0:16:00]} Qb6 {[%clk 0:16:33]} 24. Rc2 {[%clk
0:14:19]} Kb8 {[%clk 0:14:03]} 25. Rfc1 {[%clk 0:13:49]} Rd7 {[%clk 0:13:53]}
26. Qf5 {[%clk 0:13:33]} Re7 {[%clk 0:13:38]} 27. Bg2 f6 {[%clk 0:12:12]} 28.
Rd1 {[%clk 0:13:01]} g6 {[%clk 0:10:10]} 29. Qd5 {[%clk 0:13:18]} c5 {[%clk
0:09:42]} 30. Rcd2 {[%clk 0:10:30]} Rd8 {[%clk 0:09:27]} 31. Qf3 {[%clk
0:10:50]} Rde8 {[%clk 0:08:22]} 32. h3 {[%clk 0:10:44]} Re1+ {[%clk 0:08:00]}
33. Rxe1 {[%clk 0:11:11]} Rxe1+ {[%clk 0:08:23]} 34. Kh2 {[%clk 0:11:38]} Re5
{[%clk 0:08:05]} 35. Re2 {[%clk 0:11:48]} Rxe2 {[%clk 0:07:32]} 36. Qxe2 {[%clk
0:12:17]} Be5 {[%clk 0:06:12]} 37. Qc4 {[%clk 0:10:45]} Qc7 {[%clk 0:04:22]}
38. Qg8+ {[%clk 0:11:06]} Qc8 {[%clk 0:04:40]} 39. Qxh7 {[%clk 0:11:28]} g5
{[%clk 0:04:47]} 40. Qe7 {[%clk 0:11:25]} Qc7 {[%clk 0:04:38]} 41. Qxc7+ {[%clk
0:09:08]} Kxc7 {[%clk 0:04:59]} 42. Bd5 {[%clk 0:09:17]} b6 {[%clk 0:05:05]}
43. Bc4 {[%clk 0:09:35]} Kd7 {[%clk 0:05:21]} 44. Kg2 {[%clk 0:10:01]} Ke7
{[%clk 0:24:03]} 45. h4 {[%clk 0:39:57]} Kf8 {[%clk 0:20:40]} 46. h5 {[%clk
0:40:12]} Kg7 {[%clk 0:20:04]} 47. g4 {[%clk 0:40:35]} Bf4 {[%clk 0:19:21]} 48.
f3 {[%clk 0:40:52]} Bc1 {[%clk 0:15:53]} 49. Kf2 {[%clk 0:41:06]} Kh6 {[%clk
0:15:30]} 50. Ke2 {[%clk 0:41:25]} Ba3 {[%clk 0:14:36]} 51. Kd3 {[%clk
0:41:41]} a5 {[%clk 0:13:10]} 52. Bb5 {[%clk 0:41:57]} Kg7 {[%clk 0:12:47]} 53.
Ke4 {[%clk 0:42:19]} Bc1 54. Kd5 {[%clk 0:42:12]} Ba3 {[%clk 0:12:19]} 55. Kc6
{[%clk 0:42:26]} Kh6 {[%clk 0:12:32]} 56. Kxb6 {[%clk 0:42:46]} Bb4 {[%clk
0:12:55]} 57. Kc6 {[%clk 0:42:21]} Kg7 {[%clk 0:13:13]} 58. Kd5 {[%clk
0:42:44]} Ba3 {[%clk 0:13:22]} 59. Ke6 {[%clk 0:42:37]} Bb2 {[%clk 0:13:29]}
60. Kf5 {[%clk 0:42:23]} Be5 {[%clk 0:12:42]} 1/2-1/2

[Event "DVM U14w 2020"]
[Site "Willingen GER"]
[Date "2021.06.26"]
[Round "5"]
[White "Foos, Vanessa"]
[Black "Arnold, Rubina"]
[Result "0-1"]
[Termination "normal"]
[Board "3.2"]
[WhiteElo "1380"]
[BlackElo "1442"]
[WhiteClock "00:37:32"]
[BlackClock "00:58:50"]
[WhiteTeam "TuRa Harksheide von 1945 Norderstedt"]
[BlackTeam "TSG Oberschöneweide e.V."]
[PlyCount "72"]
[WhiteFideId "16245270"]
[BlackFideId "16276272"]
[EventCountry "GER"]
[EventRounds "7"]
[EventType "team-swiss"]
[EventDate "2021.06.23"]

1. d4 {[%clk 1:30:57]} Nf6 {[%clk 1:30:55]} 2. c4 {[%clk 1:31:19]} e5 {[%clk
1:31:20]} 3. dxe5 {[%clk 1:31:17]} Ng4 {[%clk 1:31:41]} 4. Nf3 {[%clk 1:28:50]}
Nc6 {[%clk 1:31:36]} 5. e3 {[%clk 1:21:10]} Ngxe5 {[%clk 1:31:15]} 6. Nxe5
{[%clk 1:21:26]} Nxe5 {[%clk 1:31:39]} 7. Be2 {[%clk 1:21:26]} b6 {[%clk
1:29:04]} 8. Qd5 {[%clk 1:19:26]} Nc6 {[%clk 1:28:52]} 9. b3 {[%clk 1:12:38]}
Qf6 {[%clk 1:27:11]} 10. Qe4+ {[%clk 1:05:03]} Be7 {[%clk 1:27:25]} 11. Ba3
{[%clk 1:04:32]} Qxa1 {[%clk 1:26:06]} 12. Bxe7 {[%clk 1:04:45]} Nxe7 {[%clk
1:26:04]} 13. Qxa8 {[%clk 1:04:14]} Qxb1+ {[%clk 1:26:25]} 14. Bd1 {[%clk
1:03:45]} Qxa2 {[%clk 1:24:50]} 15. O-O {[%clk 1:02:25]} O-O {[%clk 1:21:05]}
16. Qb8 {[%clk 1:02:11]} c6 {[%clk 1:19:23]} 17. Qd6 {[%clk 0:58:32]} Ng6
{[%clk 1:19:19]} 18. Qd3 {[%clk 0:57:43]} Qa5 {[%clk 1:16:51]} 19. Bc2 {[%clk
0:56:32]} d5 {[%clk 1:12:08]} 20. cxd5 {[%clk 0:54:47]} Qxd5 {[%clk 1:12:22]}
21. Qe2 {[%clk 0:54:43]} Be6 {[%clk 1:09:11]} 22. Rb1 {[%clk 0:47:38]} Qb5
{[%clk 1:06:23]} 23. Bd3 {[%clk 0:47:25]} Qc5 {[%clk 1:03:26]} 24. Qd2 {[%clk
0:45:27]} Rd8 {[%clk 1:01:20]} 25. Qc2 {[%clk 0:41:37]} Qxc2 {[%clk 1:01:23]}
26. Bxc2 {[%clk 0:41:56]} a5 {[%clk 1:00:34]} 27. f4 {[%clk 0:41:54]} f5 {[%clk
1:00:27]} 28. g4 {[%clk 0:41:24]} Ne7 {[%clk 1:00:37]} 29. gxf5 {[%clk
0:40:48]} Nxf5 {[%clk 1:00:32]} 30. Bxf5 {[%clk 0:39:43]} Bxf5 {[%clk 1:00:40]}
31. Rc1 {[%clk 0:39:55]} Be4 {[%clk 1:00:29]} 32. Rc3 {[%clk 0:39:38]} b5
{[%clk 0:59:43]} 33. Kf2 {[%clk 0:38:15]} Rd3 {[%clk 0:58:53]} 34. Rxd3 {[%clk
0:37:15]} Bxd3 {[%clk 0:58:16]} 35. Ke1 {[%clk 0:37:24]} Bc2 {[%clk 0:58:37]}
36. Kd2 {[%clk 0:37:32]} Bxb3 {[%clk 0:58:50]} 0-1

[Event "DVM U14w 2020"]
[Site "Willingen GER"]
[Date "2021.06.26"]
[Round "5"]
[White "Fock, Madiha"]
[Black "Petrosyan, Ani"]
[Result "1-0"]
[Termination "normal"]
[Board "3.3"]
[WhiteElo "1278"]
[BlackElo "1353"]
[WhiteClock "00:25:08"]
[BlackClock "00:19:31"]
[WhiteTeam "TSG Oberschöneweide e.V."]
[BlackTeam "TuRa Harksheide von 1945 Norderstedt"]
[PlyCount "101"]
[WhiteFideId "16253574"]
[BlackFideId "16248015"]
[EventCountry "GER"]
[EventRounds "7"]
[EventType "team-swiss"]
[EventDate "2021.06.23"]

1. e4 {[%clk 1:30:57]} c6 {[%clk 1:30:33]} 2. d4 {[%clk 1:31:12]} d5 {[%clk
1:30:20]} 3. Nc3 {[%clk 1:31:09]} dxe4 {[%clk 1:28:56]} 4. Nxe4 {[%clk
1:31:24]} h6 {[%clk 1:28:23]} 5. Bc4 {[%clk 1:27:51]} Bf5 {[%clk 1:26:39]} 6.
Ng3 {[%clk 1:27:18]} Bh7 {[%clk 1:25:57]} 7. f4 {[%clk 1:23:31]} e6 {[%clk
1:22:56]} 8. Nf3 {[%clk 1:23:18]} Nf6 {[%clk 1:23:16]} 9. O-O {[%clk 1:23:29]}
Nbd7 {[%clk 1:21:19]} 10. Qe2 {[%clk 1:21:26]} Qe7 {[%clk 1:07:40]} 11. Be3
{[%clk 1:08:26]} Nb6 {[%clk 1:06:37]} 12. Bb3 {[%clk 1:08:37]} Nbd5 {[%clk
1:06:33]} 13. Ne5 {[%clk 1:06:52]} O-O-O {[%clk 0:59:40]} 14. a4 {[%clk
1:01:57]} Ne4 {[%clk 0:54:45]} 15. Nxe4 {[%clk 0:55:42]} Bxe4 {[%clk 0:53:53]}
16. Bd2 {[%clk 0:55:26]} Bf5 {[%clk 0:50:34]} 17. Ba5 {[%clk 0:48:54]} Re8
{[%clk 0:42:26]} 18. c4 {[%clk 0:41:09]} Nb4 {[%clk 0:37:51]} 19. Qd2 {[%clk
0:40:59]} f6 {[%clk 0:36:15]} 20. Nf3 {[%clk 0:36:13]} g5 {[%clk 0:34:07]} 21.
c5 {[%clk 0:31:48]} Nd5 {[%clk 0:31:20]} 22. Bxd5 {[%clk 0:31:49]} exd5 {[%clk
0:31:04]} 23. Rfe1 {[%clk 0:31:11]} Qd7 {[%clk 0:30:31]} 24. Rxe8+ {[%clk
0:30:46]} Qxe8 {[%clk 0:30:43]} 25. Re1 {[%clk 0:30:32]} Qd7 {[%clk 0:31:03]}
26. Qe3 {[%clk 0:29:10]} Bg7 {[%clk 0:26:58]} 27. Qe7 {[%clk 0:29:09]} Be4
{[%clk 0:26:09]} 28. Qxd7+ {[%clk 0:27:04]} Kxd7 {[%clk 0:26:29]} 29. fxg5
{[%clk 0:26:51]} fxg5 {[%clk 0:25:01]} 30. Bc3 {[%clk 0:26:23]} Rf8 {[%clk
0:23:19]} 31. Nd2 {[%clk 0:24:11]} Rf4 {[%clk 0:19:35]} 32. Nxe4 {[%clk
0:23:53]} Rxe4 {[%clk 0:19:33]} 33. Rxe4 {[%clk 0:24:11]} dxe4 {[%clk 0:19:58]}
34. Kf2 {[%clk 0:24:23]} Ke6 {[%clk 0:20:10]} 35. d5+ {[%clk 0:24:27]} Kf7
{[%clk 0:18:51]} 36. Bxg7 {[%clk 0:24:43]} Kxg7 {[%clk 0:19:05]} 37. d6 {[%clk
0:25:08]} Kf7 {[%clk 0:19:31]} 38. Ke3 {[%clk 0:25:08]} Ke6 {[%clk 0:19:31]}
39. Kxe4 {[%clk 0:25:08]} Kf6 {[%clk 0:19:31]} 40. g3 {[%clk 0:25:08]} b6
{[%clk 0:19:31]} 41. b4 {[%clk 0:25:08]} bxc5 {[%clk 0:19:31]} 42. bxc5 {[%clk
0:25:08]} a5 {[%clk 0:19:31]} 43. h4 {[%clk 0:25:08]} gxh4 {[%clk 0:19:31]} 44.
gxh4 {[%clk 0:25:08]} Ke6 {[%clk 0:19:31]} 45. Kf4 {[%clk 0:25:08]} Kf6 {[%clk
0:19:31]} 46. Kg4 {[%clk 0:25:08]} Ke6 {[%clk 0:19:31]} 47. Kh5 {[%clk
0:25:08]} Kd7 {[%clk 0:19:31]} 48. Kxh6 {[%clk 0:25:08]} Ke6 {[%clk 0:19:31]}
49. Kg7 {[%clk 0:25:08]} Kd7 {[%clk 0:19:31]} 50. h5 {[%clk 0:25:08]} Kc8
{[%clk 0:19:31]} 51. h6 {[%clk 0:25:08]} 1-0